Industrial hydraulics (Record no. 7178)

000 -LEADER
fixed length control field 00551nam a2200205 i 4500
001 - CONTROL NUMBER
control field 7178
003 - CONTROL NUMBER IDENTIFIER
control field BD-DhUET
008 - FIXED-LENGTH DATA ELEMENTS--GENERAL INFORMATION
fixed length control field 780705s1979 nyua 001 0 eng
020 ## - INTERNATIONAL STANDARD BOOK NUMBER
International Standard Book Number 070664773
040 ## - CATALOGING SOURCE
Original cataloging agency DLC
Transcribing agency DLC
Modifying agency BD-DhUET
082 00 - DEWEY DECIMAL CLASSIFICATION NUMBER
Classification number 621.2
Item number PIP/1980
100 1# - MAIN ENTRY--PERSONAL NAME
Personal name Pippenger, John J.
245 10 - TITLE STATEMENT
Title Industrial hydraulics
Statement of responsibility, etc. by John J. Pippenger and Tyler G. Hicks
250 ## - EDITION STATEMENT
Edition statement 3d ed.
260 ## - PUBLICATION, DISTRIBUTION, ETC. (IMPRINT)
Place of publication, distribution, etc. New York
Name of publisher, distributor, etc. McGraw-Hill
Date of publication, distribution, etc. 1980
300 ## - PHYSICAL DESCRIPTION
Extent vi, 440 p.
Other physical details ill.
Dimensions 25 cm.
650 #0 - SUBJECT ADDED ENTRY--TOPICAL TERM
Topical term or geographic name as entry element Hydraulic machinery
700 ## - ADDED ENTRY--PERSONAL NAME
Personal name Hicks, Tyler G.
942 ## - ADDED ENTRY ELEMENTS (KOHA)
Koha item type General Book
Holdings
Sublocation or collection (holding branch) Withdrawn status Koha full call number Source of classification or shelving scheme Lost status Damaged status Location (home branch) Shelving location Price effective from Date acquired Koha item type Piece designation (barcode) Not for loan Koha date last seen Copy number Koha normalized classification for sorting
Central Library, BUET 621.2 /PIP/1980   Central Library, BUETCirculation section2014-12-072014-12-07Contented Book 59770 2014-12-074621_200000000000000_PIP1980
Central Library, BUET 621.2 /PIP/1980   Central Library, BUETCirculation section2014-12-072014-12-07Contented Book 59771 2014-12-075621_200000000000000_PIP1980
Central Library, BUET 621.2 /PIP/1980   Central Library, BUETCirculation section2014-12-072014-12-07Contented Book 59772 2014-12-076621_200000000000000_PIP1980
Central Library, BUET 621.2 /PIP/1980   Central Library, BUETCirculation section2014-12-072014-12-07Contented Book 56769 2014-12-071621_200000000000000_PIP1980
Central Library, BUET 621.2 /PIP/1980   Central Library, BUETCirculation section2014-12-072014-12-07Contented Book 59773 2014-12-077621_200000000000000_PIP1980
Central Library, BUET 621.2 /PIP/1980   Central Library, BUETCirculation section2014-12-072014-12-07Contented Book 59776 2014-12-0710621_200000000000000_PIP1980
Central Library, BUET 621.2 /PIP/1980   Central Library, BUETCirculation section2014-12-072014-12-07Contented Book 56770 2014-12-072621_200000000000000_PIP1980
Central Library, BUET 621.2 /PIP/1980   Central Library, BUETCirculation section2014-12-072014-12-07Contented Book 59775 2014-12-079621_200000000000000_PIP1980
Central Library, BUET 621.2 /PIP/1980   Central Library, BUETCirculation section2014-12-072014-12-07Contented Book 59769 2014-12-079621_200000000000000_PIP1980
Central Library, BUET 621.2 /PIP/1980   Central Library, BUETCirculation section2014-12-072014-12-07Contented Book 59777 2014-12-0711621_200000000000000_PIP1980
Central Library, BUET 621.2/PIP/1980   Central Library, BUETReading section2015-06-162015-06-16Reading Item59778 2015-06-1612621_200000000000000_PIP_1980